00410 a2200133 4500003000500000005001700005040000900022082001100031245004500042440004500087538002100132999001900153952010400172Nust20170207154225.0 cNust a371.33 aFuture Integrated Soldier Tech (VHS-521) aFuture Integrated Soldier Tech (VHS-521) aDuration 82-Mins c195533d195533 00102ddc40708NFICaMCSbMCSd2016-12-12l0o371.33 FUTpMCSVHS-521r2016-12-08w2016-12-12yBK